Fußballer nach Land - Klickquiz - Statistiken

Allgemein
  • Dieses Quiz wurde 228 mal gespielt
  • Das Durchschnittsergebnis liegt bei 27 aus 30
Antwortstatistiken
Hint Antwort % Korrekt
Robert Lewandowski Polen
99%
Virgil van Dijk Niederlande
98%
Joshua Kimmich Deutschland
97%
Mohamed Salah Ägypten
96%
Jude Bellingham England
96%
Arda Güler Türkei
95%
Michael Olise Frankreich
94%
Gianluigi Donnarumma Italien
94%
Heung-min Son Südkorea
94%
Vinicius Junior Brasilien
93%
Achraf Hakimi Marokko
92%
Christoph Baumgartner Österreich
92%
Pedri Spanien
92%
Christian Eriksen Dänemark
91%
Martin Ødegaard Norwegen
91%
Scott McTominay Schottland
91%
Gregor Kobel Schweiz
90%
Thibaut Courtois Belgien
89%
Julián Alvarez Argentinien
88%
Serhou Guirassy Guinea
88%
Dominik Szoboszlai Ungarn
88%
Ermedin Demirovic Bosnien-Herzegowina
87%
Victor Osimhen Nigeria
87%
Bruno Fernandes Portugal
87%
Patrik Schick Tschechien
87%
Christian Pulisic USA
87%
Benjamin Sesko Slowenien
83%
Viktor Gyökeres Schweden
81%
Piero Hincapié Ecuador
79%
Federico Valverde Uruguay
77%
Keine übereinstimmenden Quizze gefunden
Verteilung der Resultate
Anzahl Personen mit jedem Resultat
Perzentil nach korrekt beantworteten Fragen
Ihre Resultats-Entwicklung
Sie haben dieses Quiz noch nicht gespielt